Spirits rebellious; (Record no. 545122)
[ view plain ]
| 000 -LEADER | |
|---|---|
| fixed length control field | 00752cam a22001931 4500 |
| 082 ## - DEWEY DECIMAL CLASSIFICATION NUMBER | |
| Classification number | 102 |
| Author Mark | GIB |
| 100 1# - MAIN ENTRY--PERSONAL NAME | |
| Personal name | Gibran, Kahlil, |
| 9 (RLIN) | 10190 |
| 245 10 - TITLE STATEMENT | |
| Title | Spirits rebellious; |
| Statement of responsibility, etc. | tr. from the Arabic, and with an introd., by H. M. Nahmad. |
| 250 ## - EDITION STATEMENT | |
| Edition statement | [1st American ed.] |
| 260 ## - PUBLICATION, DISTRIBUTION, ETC. | |
| Place of publication, distribution, etc. | Lahore |
| Name of publisher, distributor, etc. | Service Book Club |
| Date of publication, distribution, etc. | 1999. |
| 300 ## - PHYSICAL DESCRIPTION | |
| Extent | ix, 121 p. |
| Other physical details | illus. |
| Dimensions | 16 cm. |
| 500 ## - GENERAL NOTE | |
| General note | "Illustrations ... reproduced from original drawings by the author." |
| 500 ## - GENERAL NOTE | |
| General note | "In a way, a continuation and extension of Gibran's Nymphs of the valley." |
| 505 0# - FORMATTED CONTENTS NOTE | |
| Formatted contents note | Wardé al-Hani.--The cry of the graves.--The bridal couch.--Khalil the heretic. |
| 526 ## - STUDY PROGRAM INFORMATION NOTE | |
| Program name | 0 |
| Interest level | 0 |
| Reading level | 0 |
| Title point value | 102_000000000000000_GIB |
| 650 ## - SUBJECT ADDED ENTRY--TOPICAL TERM | |
| Topical term or geographic name entry element | MCE |
| 9 (RLIN) | 379 |
| 700 1# - ADDED ENTRY--PERSONAL NAME | |
| Personal name | Nahmad, H. M., |
| 9 (RLIN) | 40892 |
| 942 ## - ADDED ENTRY ELEMENTS (KOHA) | |
| Source of classification or shelving scheme | |
| Koha item type | Book |
| Withdrawn status | Lost status | Source of classification or shelving scheme | Damaged status | Not for loan | Permanent Location | Current Location | Date acquired | Total Checkouts | Full call number | Barcode | Date last seen | Date last checked out | Price effective from | Koha item type |
|---|---|---|---|---|---|---|---|---|---|---|---|---|---|---|
| Military College of Engineering (MCE) | Military College of Engineering (MCE) | 05/19/2014 | 1 | 102 GIB | MCE-44497 | 10/07/2016 | 09/30/2016 | 05/19/2014 | Book |
